| 000 | 01935nam a2200301Ia 4500 | ||
|---|---|---|---|
| 005 | 20250223033125.0 | ||
| 008 | 231030s9999 xx 000 0 und d | ||
| 049 | _a-Depisied | ||
| 082 | _a100 | ||
| 097 | _aPh.D | ||
| 099 | _aCai01.16.03.ph.D.2022.Am.I. | ||
| 100 | _aAmal Ahmed Taher Abd Elaal | ||
| 245 |
_aIntegrated Control of Root-Knot Nematode on Cucumber in Egypt and South Africa / _cAmal Ahmed Taher Abd Elaal ; Fawzia Ibrahim Moursy , Amira Shawky Ahmed Soliman , Ashraf El-Said Mohamed Khalil . |
||
| 246 | _aالمكافحة الكاملة لنيماتودا تعقد الجذور على خيار فى مصر و جنوب أفريقيا | ||
| 260 | _c2022. | ||
| 502 | _aThesis (Ph.D)-Cairo University,2022. | ||
| 504 | _aBibliography: p. 108-116. | ||
| 520 | _aThe survey was conducted in El-Behera (El-Nubaria), El-Ismailia (El-ksassien), El-Giza (El-Saf), El–Sharquia (El-Salhia) in two summer seasons.. Nine nematode genera of plant parasitic nematode were recorded in clouding to different soil types; Helicotylenchus, Heterodera, Longidorus, Meloidogyne, Paratylenchus, Pratylenchus, Rotylenchulus, Tylenchorhynchus and Xiphinema. Longidorus genus was absent in El-Behera, Xiphinema genus was absent in El-Sharquia. The genus Meloidogyne was recorded the highest frequency of occurrence in El-Behera and the highest population density in El-Sharquia. Governorates of El-Sharquia, El-Behera and El-Ismailia had the highest frequency of occurrence and population density while El-Giza Governorate was the lowest frequency of occurrence and population density of the genus Meloidogyne spp | ||
| 650 | _aPHILOSOPHY | ||
| 653 | _aRoot-knot nematode M. incognita | ||
| 700 | _aFawzia Ibrahim Moursy | ||
| 856 | _uhttp://172.23.153.220/th.pdf | ||
| 905 | _aMohamady | ||
| 942 |
_cTH _2ddc |
||
| 999 |
_c164346 _d164346 |
||
| 336 |
_2rda content _atext |
||
| 337 |
_2rdamedia _aUnmediated |
||
| 338 |
_2rdacarrier _avolume |
||